Christopher Columbus : (Record no. 6766)

MARC details
000 -LEADER
fixed length control field 00730nam a22002297a 4500
001 - CONTROL NUMBER
control field 6766
003 - CONTROL NUMBER IDENTIFIER
control field FISKH
005 - DATE AND TIME OF LATEST TRANSACTION
control field 20250814141632.0
008 - FIXED-LENGTH DATA ELEMENTS--GENERAL INFORMATION
fixed length control field 250527b cb ||||| |||| 00| 0 eng d
020 ## - INTERNATIONAL STANDARD BOOK NUMBER
International Standard Book Number 9781589520660
040 ## - CATALOGING SOURCE
Original cataloging agency FISKH
Language of cataloging eng
Transcribing agency FISKH
Modifying agency FISKH
050 ## - LIBRARY OF CONGRESS CALL NUMBER
Classification number E111 .K64
082 ## - DEWEY DECIMAL CLASSIFICATION NUMBER
Classification number 970.01
100 ## - MAIN ENTRY--PERSONAL NAME
Personal name Kline, Trish
245 ## - TITLE STATEMENT
Title Christopher Columbus :
Remainder of title Discover the life of an explorer /
Statement of responsibility, etc. Trish Kline
260 ## - PUBLICATION, DISTRIBUTION, ETC.
Place of publication, distribution, etc. Florida :
Name of publisher, distributor, etc. Rourke Publishing,
Date of publication, distribution, etc. 2002.
300 ## - PHYSICAL DESCRIPTION
Extent 24 pages :
Other physical details color illustrations ;
Dimensions 19 cm
520 ## - SUMMARY, ETC.
Summary, etc. This book tells of the life of Columbus and describes his explorations to the New World.
650 ## - SUBJECT ADDED ENTRY--TOPICAL TERM
Topical term or geographic name entry element Biography
Form subdivision Knowledge Management
942 ## - ADDED ENTRY ELEMENTS (KOHA)
Source of classification or shelving scheme Dewey Decimal Classification
Koha item type Books
Suppress in OPAC No
Holdings
Withdrawn status Lost status Source of classification or shelving scheme Damaged status Not for loan Collection Home library Current library Shelving location Date acquired Total Checkouts Full call number Barcode Date last seen Copy number Price effective from Koha item type
    Dewey Decimal Classification     Non-Fiction Footprints International School Library Network Toul Kork Campus Footprints International School Library Network Toul Kork Campus A TK Campus, 4th Floor, Room B401, Non-Fiction Bookcases(7-8) 05/27/2025   KLI 970.01 E111 .K64 FISTK01444 05/27/2025 1 05/27/2025 Books
    Dewey Decimal Classification     Non-Fiction Footprints International School Library Network Toul Tom Poung Campus Footprints International School Library Network Toul Tom Poung Campus TTP Secondary Non-Fiction Bookshelves 08/14/2025   KLI 970.01 E111 .K64 FIS03072 08/14/2025 2 08/14/2025 Books